| 000 | 00755nam a22002297a 4500 | ||
|---|---|---|---|
| 003 | BD-DhUL | ||
| 005 | 20190903140847.0 | ||
| 008 | 190903s2010 ii ||||| |||| 00| 0 urd d | ||
| 020 | _a97881822384 | ||
| 040 |
_aBD-DhUL _cBD-DhUL |
||
| 082 |
_a954.0317 _bABE |
||
| 100 | 1 | _aابرار، راحت | |
| 245 | 1 | 0 |
_a۔۱۸۵۷ء کے انقلاب کا عینی شاہد جارج پیششور / _cراحت ابرار _b |
| 246 | _a1857 ke inquilāb kā `ainī shāhīd. George puech shor | ||
| 250 | _a۱ ط۔ | ||
| 260 |
_aدہلی : _bایجو کیشنل پبلشنگ باوس، _c۲۰۱۰۔ |
||
| 300 |
_aص۔ ۱۹۴ تصویر ؛ _c۲۲ سم۔ |
||
| 365 |
_aBDT _b520.00 |
||
| 650 | 4 | _aIndia - History | |
| 650 | 4 | _aUrdu poetry | |
| 942 |
_2ddc _cBK |
||
| 999 |
_c249565 _d249565 |
||